000
00330nam a2200133Ia 4500
008
231129s9999||||xx |||||||||||||| ||spa||
020
_a
84-345-8162-0
040
_b
spa
082
_a
920 G285v
100
_a
Gaya Nuno Juan A.
245
0
_a
Velazquez
264
_a
Salvat
942
_2
ddc
_c
BKS
999
_c
26159
_d
26159